| 000 | 00688nam a2200205Ia 4500 | ||
|---|---|---|---|
| 008 | 151119s9999||||xx |||||||||||||| ||und|| | ||
| 082 | _a294गोखले/सहज | ||
| 082 | _bGKKV34245 | ||
| 100 | _a"गोखले, गो सी" | ||
| 245 | _aसहज बोलणे हितउपदेश | ||
| 260 | _aसातारा | ||
| 260 | _bश्रीराम ग दामले | ||
| 260 | _c2013 | ||
| 300 | _a202p. | ||
| 600 | _a"गोखले, गो सी" | ||
| 630 | _aसहज बोलणे हितउपदेश | ||
| 700 | _a"गोखले, गो सी" | ||
| 730 | _aसहज बोलणे हितउपदेश | ||
| 942 | _cBOOK | ||
| 999 |
_c1086538 _d1086535 |
||